| 000 | 00676nam a22002173u 4500 | ||
|---|---|---|---|
| 001 | a987689956+[1] | ||
| 003 | RU-10907106 | ||
| 005 | 20221115144853.0 | ||
| 008 | 180713s2017 gw |||| 000u rus d | ||
| 020 |
_a9785852094155 _9978-5-85209-415-5 |
||
| 035 | _aa987689956 | ||
| 040 |
_cRU-10907106 _aRU-10907106 _bger |
||
| 041 | _arus | ||
| 100 | 1 |
_aGarnovskij, Michail Antonovič _93152 |
|
| 245 | 0 | 0 | _aZapiski Michaila Garnovskogo (1786-1790) |
| 246 | 1 | 2 |
_aZapiski Michaila Garnovskogo. Zapiski Michaila Garnovskogo (1786-1790) _n[1] |
| 264 | 1 |
_aMoskva, _c2017 |
|
| 300 | _aSeiten 25-280 | ||
| 773 | 0 |
_wa987689956 _q[1] _aZapiski Michaila Garnovskogo |
|
| 942 |
_cMG _2z |
||
| 999 |
_c50218 _d50218 |
||